| 000 -CABECERA |
| fixed length control field |
01118nam a22002537a 4500 |
| 003 - IDENTIFICADOR DEL NÚMERO DE CONTROL |
| control field |
AR-CdUCM |
| 008 - DATOS DE LONGITUD FIJA--INFORMACIÓN GENERAL |
| fixed length control field |
190409b ||||| |||| 00| 0 spa d |
| 020 ## - NÚMERO INTERNACIONAL ESTÁNDAR DEL LIBRO |
| ISBN |
9786124150357 |
| 040 ## - FUENTE DE LA CATALOGACIÓN |
| Agencia/entidad que catalogó originalmente la obra |
MUNICIPALIDAD PROVINCIAL DEL CUSCO |
| Entidad que transcribió la catalogación |
BIBLIOTECA MUNICIPAL DEL CUSCO |
| 082 ## - NÚMERO DE LA CLASIFICACIÓN DECIMAL DEWEY |
| No. de Clasificación |
324.68/O |
| Notacion interna |
O |
| 245 ## - MENCIÓN DE TÍTULO |
| Título |
Una onda expansiva : |
| Resto del título |
las revocatorias en el Perú y América Latina / |
| Mención de responsabilidad |
Fernando Tuesta Soldevilla, editor ; Facundo Arques, Ana Beatriz Franco-Cuervo, Miriam Kornblith... [et al.] ; [prólogo, Francisco Távara Córdova ; presentacion, Henry Pease García] |
| 260 ## - PUBLICACIÓN, DISTRIBUCIÓN, ETC. |
| Lugar de publicación, distribución, etc. |
Lima : |
| Nombre de la editorial, distribuidor, etc. |
Jurado Nacional de Elecciones, |
| -- |
PUCP, |
| Fecha de publicación, distribución, etc. |
2014. |
| 300 ## - DESCRIPCIÓN FÍSICA |
| Nº de Páginas Extensión |
255 páginas. : |
| Otros detalles físicos |
ilustraciones ; |
| Dimensiones |
24 cm. |
| 500 ## - NOTA GENERAL |
| Bibliografía |
Incluye bibliografía. |
| 650 ## - PUNTO DE ACCESO ADICIONAL DE MATERIA--TÉRMINO DE MATERIA |
| Descriptor |
Revocación popular |
| 9 (RLIN) |
8240 |
| 650 ## - PUNTO DE ACCESO ADICIONAL DE MATERIA--TÉRMINO DE MATERIA |
| Descriptor |
Elecciones municipales |
| 9 (RLIN) |
48654 |
| 650 ## - PUNTO DE ACCESO ADICIONAL DE MATERIA--TÉRMINO DE MATERIA |
| Descriptor |
Sistema electoral |
| 9 (RLIN) |
44786 |
| 650 ## - PUNTO DE ACCESO ADICIONAL DE MATERIA--TÉRMINO DE MATERIA |
| Descriptor |
América Latina |
| 9 (RLIN) |
48655 |
| 700 ## - PUNTO DE ACCESO ADICIONAL--NOMBRE DE PERSONA |
| Nombre Personal |
Tuesta Soldevilla, Fernando |
| Término de relación |
editor |
| 9 (RLIN) |
44556 |
| 710 ## - PUNTO DE ACCESO ADICIONAL--NOMBRE DE ENTIDAD CORPORATIVA |
| Nombre corporativo (En letras Mayúsculas) |
Jurado Nacional de Elecciones |
| Título del trabajo |
entidad editora |
| 9 (RLIN) |
48650 |
| 710 ## - PUNTO DE ACCESO ADICIONAL--NOMBRE DE ENTIDAD CORPORATIVA |
| Nombre corporativo (En letras Mayúsculas) |
Pontificia Universidad Católica del Perú |
| 9 (RLIN) |
400 |
| 942 ## - ELEMENTOS DE PUNTO DE ACCESO ADICIONAL (KOHA) |
| Fuente de clasificación |
|
| Tipo de item |
Libros-BMC |
| 945 ## - PROCESAMIENTO DE INFORMACIÓN LOCAL (OCLC) |
| Catalogador |
rac |